01286nam a22003134a 4500001001200000003000800012006001900020007001500039008004100054010001700095040002100112035002100133050002500154082001700179100003400196245015100230250001200381260005000393300002500443504006400468533015200532650002600684650003500710650002400745655002900769700003100798710001700829856012600846ebr10221994CaPaEBRm u cr cn|||||||||040920s2004 caua sb 001 0 eng  z 2004059461 aCaPaEBRcCaPaEBR a(OCoLC)56797065814aHF5549b.R593 2004eb04a658.3/022221 aRobinson, Dana Gaines,d1944-10aStrategic business partnerh[electronic resource] :baligning people strategies with business goals /cby Dana Gaines Robinson, James C. Robinson. a1st ed. aSan Francisco, CA :bBerrett-Koehler,c[2004] axiii, 283 p. :bill. aIncludes bibliographical references (p. 253-267) and index. aElectronic reproduction.bPalo Alto, Calif. :cebrary,d2013.nAvailable via World Wide Web.nAccess may be limited to ebrary affiliated libraries. 0aPersonnel management. 0aStrategic alliances (Business) 0aStrategic planning. 7aElectronic books.2local1 aRobinson, James C.,d1930-2 aebrary, Inc.40uhttp://site.ebrary.com/lib/rucke/Doc?id=10221994zAn electronic book accessible through the World Wide Web; click to view